00487 a2200169 450000100060000002000180000604000220002410000290004624000310007524500260010630000110013236200090014365000240015294200070017695201170018399900170030061677 a9788516068400 cAnchieta - Pituba aVedovate, Fernando Carlo10aAraribá geografia 8lpor10aAraribá geografia 8 a216/230 a2010 4aGeografia e viagens cBK 00104070a91.1bCPLd2023-11-21l1o910 A662a ARAp13816/PITr2023-11-21 18:49:27s2023-11-21w2023-11-21yBK c61677d61677